| 000 | 00938cam a22002775a 4500 | ||
|---|---|---|---|
| 001 | 18388990 | ||
| 005 | 20150726143944.0 | ||
| 008 | 141128t2013 flua frb 001 0 eng d | ||
| 020 | _a9781439862285 | ||
| 040 |
_aDLC _beng _cDLC _dDLC _dEG-ScBUE |
||
| 082 | 0 | 4 |
_a621.4023 _bOXY _222 |
| 245 | 0 | 0 |
_aOxygen-enhanced combustion / _cedited by Charles E. Baukal Jr. |
| 250 | _a2nd ed. | ||
| 260 |
_aBoca Raton : _bCRC Press / Taylor & Francis Group, _cc.2013. |
||
| 300 |
_axlviii, 728 p. : _bill. (some col.) ; _c28 cm. |
||
| 490 | 0 | _aIndustrial combustion series | |
| 500 | _aIndex : p. 713-728. | ||
| 504 | _aBibliography : p. 706-710. | ||
| 650 | 0 |
_aCombustion engineering. _2BUEsh |
|
| 650 | 0 |
_aCombustion gases _xEnvironmental aspects. _2BUEsh |
|
| 651 | _2BUEsh | ||
| 653 |
_bENGGEN _cJune2015 _cJuly2015 |
||
| 655 |
_vreading book _934232 |
||
| 700 | 1 |
_aBaukal, Charles E., _cJr., _d1959- _eeditor. |
|
| 942 |
_2ddc _k621.4023 OXY |
||
| 999 |
_c19571 _d19543 |
||